00820nam a2200217 a 450000100100000000500170001000800410002704000250006808200170009310000720011024500880018225000110027026000430028130000230032449000290034750000430037683000360041904900090045595201210046499900170058500002497420200930023501.0110208s1973 ck r 000 0 spa d aDO-SdBNPbspacBNPHU axxxxxbN677a1 aNietzsche, Friedrich Wilhelm,d1844-1900qFederico Nietzsche95124410aAsí hablaba Zaratustra :bun libro para todos y para nadie /cFederico Nietzsche. a5a ed. aMedellín, Colombia :bBedout,c1973. a310 p. ;c18.5 cm.1 aBolsilibros bedout ;v82 aIncluye notas al pie de las páginas. 0aBolsilibros bedout ;n82951245 aBNGR 001054708MOaGRbGRcHDd2011-02-08iLF1l0oxxxxx N677ap24974-10r2020-06-25w2020-06-25y4ZPréstamo en sala c24467d24467